000
00260nam a2200097Ia 4500
001
687291
005
20250826161553.0
008
250824s9999 xx 000 0 und d
245
0
_a
KAĞIT UÇAKLA MACERA
_c
CHRİSTİNE NÖSTLİNGER
260
_b
GÜNIŞIĞI YAYINLARI
999
_c
687291
_d
687291